|
|
|
|
| LEADER |
00000cam a22000004a 4500 |
| 001 |
musev2_76253 |
| 003 |
MdBmJHUP |
| 005 |
20230905051855.0 |
| 006 |
m o d |
| 007 |
cr||||||||nn|n |
| 008 |
160128s1994 xx o 00 0 eng d |
| 020 |
|
|
|a 9780814752685
|
| 020 |
|
|
|z 9780814750681
|
| 035 |
|
|
|a (OCoLC)45844078
|
| 040 |
|
|
|a MdBmJHUP
|c MdBmJHUP
|
| 100 |
1 |
|
|a Leavy, Barbara Fass.
|
| 245 |
1 |
0 |
|a In Search of the Swan Maiden :
|b A Narrative on Folklore and Gender
|
| 264 |
|
1 |
|b New York University Press,
|c 1994.
|
| 264 |
|
3 |
|a Baltimore, Md. :
|b Project MUSE,
|c 2021
|
| 264 |
|
4 |
|c ©1994.
|
| 300 |
|
|
|a 1 online resource.
|
| 336 |
|
|
|a text
|b txt
|2 rdacontent
|
| 337 |
|
|
|a computer
|b c
|2 rdamedia
|
| 338 |
|
|
|a online resource
|b cr
|2 rdacarrier
|
| 500 |
|
|
|a Book.
|
| 506 |
0 |
|
|a Open Access
|f Unrestricted online access
|2 star
|
| 588 |
|
|
|a Description based on print version record.
|
| 650 |
|
4 |
|a LITERARY CRITICISM
|x General.
|
| 655 |
|
7 |
|a Electronic books.
|2 local
|
| 710 |
2 |
|
|a Project Muse.
|e distributor
|
| 830 |
|
0 |
|a Book collections on Project MUSE.
|
| 856 |
4 |
0 |
|z Texto completo
|u https://projectmuse.uam.elogim.com/book/76253/
|
| 945 |
|
|
|a Project MUSE - Archive Complete Supplement IX
|
| 945 |
|
|
|a Project MUSE - Archive Literature Supplement IX
|